First Three: A to Z Quiz Stats

Quiz Updated Apr 3, 2012

Also try: A to Z Blitz
Challenge
Share
Tweet
Embed
Score 0/26 Timer 05:00
1 Play Today
1st 3 Answer % Correct
HAMHamlet
96.5%
VIRVirgo
92%
ZIMZimbabwe
91%
WALWALL-E
88.7%
UGLUgly Betty
86.7%
REVRevolver
84.1%
BUCBuchanan
83.6%
XENXenon
83%
LADLady and the Tramp
77%
EVIEvita
76.1%
STOStockholm
72.2%
TABTable Tennis
69.1%
CLIClippers
67.1%
1st 3 Answer % Correct
MONMontana
64.8%
YOUYoung
60.3%
JOSJoshua
60.2%
FRAFrankfort
58.4%
NAVNavratilova
54.9%
ORIOriental Avenue
53.5%
GLOGlockenspiel
47%
ACHAchtung Baby
46%
PLAPlatoon
36.3%
DREDreyfuss
26.3%
QUEQueens Park Rangers
25.2%
KINKingpin
18.7%
ISLIslands in the Stream
10.5%

You're not logged in!

Compare scores with friends on all Sporcle quizzes.
Sign Up with Email
OR
Log In

You Might Also Like...

Show Comments

Extras

Top Quizzes Today


Score Distribution

Your Account Isn't Verified!

In order to create a playlist on Sporcle, you need to verify the email address you used during registration. Go to your Sporcle Settings to finish the process.